000 00683nam a2200289Ia 4500
005 20260324150554.0
008 008 260324s9999 xx 000 0 eng d
020 _a9781003316459
037 _aEBOOK
040 _aCRL
040 _beng
040 _cCRL
041 _2eng
041 _aeng
084 _qCRL
100 _aD. W. Hamlyn
_91223250
245 0 _aSensation and Perception
245 2 _bA History of the Philosophy of Perception
260 _bTaylor and Francis
260 _c1961
365 _a
365 _b170
856 _uhttp://www.taylorfrancis.com/books/9781003316459
942 _cEBOOK
999 _c1836555
_d1836555